000 00603nam a22001937a 4500
005 20241005062526.0
999 _c19046
_d19046
008 240208b ||||| |||| 00| 0 eng d
020 _a9781984680297
082 _22023
_aDC 641.5
_bT413
100 _a3G E-Learning.
_933638
245 _aA visual reference to culinary arts /
_c3G E-Learning.
250 _a2nd edition.
260 _aNew York :
_b3G E-Learning LLC,
_c©2023.
300 _avii, 292 pages :
_bcolor illustrations ;
_c23 cm.
500 _aIncludes references and index.
650 _aCooking.
_952416
710 _a3G E-Learning.
_933638
942 _2ddc
_cDC